000 00577nam a2200253Ia 4500
005 20260121153732.0
008 008 260114s9999 xx 000 0 eng d
020 _a9780203003619
037 _aEBOOK
040 _aCRL
040 _beng
040 _cCRL
041 _2eng
041 _aeng
084 _qCRL
100 _aMatthew Kieran
_9998473
245 0 _aMedia Ethics
260 _bTaylor and Francis
260 _c1998
856 _uhttp://www.taylorfrancis.com/books/9780203003619
942 _cEBOOK
999 _c1565293
_d1565293